000 00432nam a2200169Ia 4500
003 GCL
008 140319s9999 xx 000 0 eng d
040 _aGCL /
_cGCL
082 0 4 _a944.08
_bC F
100 1 _aCARON, FRANCOIS
245 1 0 _aLA FRANCE DES PATRIOTES: DE 1851 A 1918 /
_cCARON, FRANCOIS
260 _a[S.N] :
_bFAYARD ،
_c1985
300 _a734 P
650 0 4 _aHISTORY
650 0 4 _aFRENCH HISTORY
942 _2ddc
_cBK
999 _c24714
_d24714